| 000 | 00710nam a2200217 a 4500 | ||
|---|---|---|---|
| 005 | 20230624064045.0 | ||
| 008 | 030218s1998 mx r 000 0 spa d | ||
| 020 | _a9706251901 | ||
| 035 | _aUPN01000122055 | ||
| 049 | _aCG | ||
| 050 | 4 |
_aBF575 _bL6.38 |
|
| 100 | 1 | _aLloyd, Sam R. | |
| 245 | 1 | 0 |
_aCómo desarrollar la asertividad positiva : _btécnicas prácticas para el éxito personal / _cSam R. Lloyd ; tr. Jaime Schlittler. |
| 260 |
_aMéxico : _bIberoamérica, _c1998. |
||
| 300 |
_a90 p. : _bil. |
||
| 440 | 0 | _a50 minutos | |
| 534 |
_pTraducción de: _tDeveloping positive assertiveness |
||
| 650 | 2 |
_aAsertividad (Psicología) _97196 |
|
| 650 | 4 |
_aRelaciones interpersonales _91551 |
|
| 905 | _aLibro | ||
| 999 |
_c94257 _d94257 |
||